| 000 | 01149nam a22002537a 4500 | ||
|---|---|---|---|
| 008 | 160820s1999 xxu||||| |||| 00| 0 eng d | ||
| 082 | 0 | 4 |
_a708 _bW572w |
| 100 | 1 |
_aPower, Kevin. _95430 |
|
| 245 | 1 | 0 |
_aWhile Cuba waits : _bart from the nineties / _ceditado por Kevin Power y Pilar Perez ; Track 16 Gallery. |
| 250 | _a1a ed. | ||
| 260 |
_aNueva York, Estados Unidos : _bSmart Art Press, _c1999. |
||
| 300 |
_a132 p. _bil. col. |
||
| 440 | 0 |
_aWhile Cuba waits _v6 _95431 |
|
| 500 | _aCatálogo publicado con motivo a la exposición "While Cuba waits: art in the nineties", presentada en Track 16 Gallery, del 17 de julio al 28 de agosto. | ||
| 505 | 1 |
_tIsland: historical fictions and histories from fiction _rDannys Montes de Oca Moreda. _tCuba: one story after another _rKevin Power. _tStorytelling in Cuba: The tale and the suspicion _rLupe Álvarez. _tArtists Pages. _tSpanish Translations. _tBiographies. |
|
| 653 | 1 | 0 | _aArte contemporáneo |
| 653 | 1 | 0 | _aCatálogo de exhibición |
| 653 | 1 | 0 | _aExhibiciones |
| 653 | 1 | 0 | _aDibujo |
| 653 | 1 | 0 | _aFotografía |
| 653 | 1 | 0 | _aPintura |
| 653 | 1 | 0 | _aArte - Cuba |
| 710 | 1 |
_aTrack 16 Gallery. _95432 |
|
| 999 |
_c1017 _d1017 |
||